Statistics for The LEGO Movie Facts

Click here to take the quiz!

General Stats

  • This quiz has been taken 66 times
  • The average score is 7 of 15

Answer Stats

HintAnswer% Correct
Most Memorable SongEverything is Awesome
95%
Voice of EmmetChris Pratt
75%
Voice of VitruviusMorgan Freeman
71%
RatedPG
66%
Voice of Lord BusinessWill Ferrell
64%
Voice of Good Cop/Bad CopLiam Neeson
57%
Voice of WyldstyleElizabeth Banks
55%
Voice of BatmanWill Arnett
48%
Voice of Green LanternJonah Hill
43%
Voice of SupermanChanning Tatum
38%
Voice of BennyCharlie Day
32%
Voice of UnikittyAlison Brie
29%
Voice of Metal BeardNick Offerman
27%
Opening DateFebruary 7, 2014
9%
DirectorsPhil Lord, Chris Miller, Chris McKay
0%

Score Distribution

Percentile by Number Answered

Percent of People with Each Score

Your Score History

You have not taken this quiz